000 00419nam a2200181Ia 4500
005 20250603145157.0
008 250603s9999 xx 000 0 und d
020 _a9789780295646
050 _aKC 100 .U4/
100 _aUmozurike, U. O.
245 0 _aIntroduction to international law
260 _aIbadan
260 _bSpectrum Law Pub
260 _c2010
300 _a272 p
650 _aIbadan
942 _cBK
999 _c41103
_d41103